Development guide: (Record no. 18545)

MARC details
000 -LEADER
fixed length control field 00513nam a22001217a 4500
008 - FIXED-LENGTH DATA ELEMENTS--GENERAL INFORMATION
fixed length control field 230405b |||||||| |||| 00| 0 eng d
040 ## - CATALOGING SOURCE
Original cataloging agency National Science Library
Transcribing agency National Science Library
080 ## - UNIVERSAL DECIMAL CLASSIFICATION NUMBER
Universal Decimal Classification number 061.2(410)(058.7)
Item number K2
245 ## - TITLE STATEMENT
Title Development guide:
Remainder of title A directory of development facilities provided by non- commercial organisations in Britain
Statement of responsibility, etc. / The Overseas Development Institutes
260 ## - PUBLICATION, DISTRIBUTION, ETC.
Name of publisher, distributor, etc. London:
Date of publication, distribution, etc. The Overseas Development Institutes ,
Plate or publisher's number for music (Pre-AACR 2) [OBSOLETE, CAN/MARC], [LOCAL, USA] 1964
653 ## - INDEX TERM--UNCONTROLLED
Uncontrolled term Development guide
942 ## - ADDED ENTRY ELEMENTS (KOHA)
Source of classification or shelving scheme Universal Decimal Classification
Koha item type Books
Holdings
Withdrawn status Lost status Source of classification or shelving scheme Damaged status Not for loan Home library Current library Shelving location Date acquired Total Checkouts Full call number Barcode Date last seen Price effective from Koha item type
    Universal Decimal Classification     National Science Library National Science Library GF/Rk-4/C-23/R-2 11/05/1964   061.2(410)(058.7) K2 4878 05/04/2023 11/05/1964 Books